| 000 -LEADER |
| fixed length control field |
01454cam a2200409 a 4500 |
| 001 - CONTROL NUMBER |
| control field |
.b18604882 |
| 003 - CONTROL NUMBER IDENTIFIER |
| control field |
OCoLC |
| 005 - DATE AND TIME OF LATEST TRANSACTION |
| control field |
20190731090824.0 |
| 008 - FIXED-LENGTH DATA ELEMENTS--GENERAL INFORMATION |
| fixed length control field |
080325t20082006flu c 000 f eng d |
| 010 ## - LIBRARY OF CONGRESS CONTROL NUMBER |
| LC control number |
2005036321 |
| 020 ## - INTERNATIONAL STANDARD BOOK NUMBER |
| International Standard Book Number |
9780152061548 : |
| 020 ## - INTERNATIONAL STANDARD BOOK NUMBER |
| International Standard Book Number |
0152061541 : |
| 035 ## - SYSTEM CONTROL NUMBER |
| System control number |
(OCoLC)213875378 |
| Canceled/invalid control number |
(OCoLC)181600531 |
| -- |
(OCoLC)271817511 |
| 040 ## - CATALOGING SOURCE |
| Original cataloging agency |
WRS |
| Transcribing agency |
WRS |
| Modifying agency |
BAKER |
| -- |
JAO |
| -- |
UPZ |
| -- |
BTCTA |
| -- |
OCLCA |
| -- |
AU@ |
| -- |
BDX |
| 042 ## - AUTHENTICATION CODE |
| Authentication code |
nbic |
| 082 04 - DEWEY DECIMAL CLASSIFICATION NUMBER |
| Classification number |
FIC PFE |
| Edition number |
22 |
| 100 1# - MAIN ENTRY--PERSONAL NAME |
| Personal name |
Pfeffer, Susan Beth, |
| Dates associated with a name |
1948- |
| Relator term |
author |
| 245 10 - TITLE STATEMENT |
| Title |
Life as we knew it / |
| Statement of responsibility, etc. |
Susan Beth Pfeffer. |
| 250 ## - EDITION STATEMENT |
| Edition statement |
1st Harcourt pbk. ed. |
| 260 ## - PUBLICATION, DISTRIBUTION, ETC. |
| Place of publication, distribution, etc. |
Orlando : |
| Name of publisher, distributor, etc. |
Harcourt, |
| Date of publication, distribution, etc. |
2008, c2006. |
| 300 ## - PHYSICAL DESCRIPTION |
| Extent |
337 p. ; |
| Dimensions |
18 cm. |
| 490 ## - SERIES STATEMENT |
| Series statement |
Life as we knew it ; |
| Volume/sequential designation |
book 1 |
| 520 ## - SUMMARY, ETC. |
| Summary, etc. |
Through journal entries sixteen-year-old Miranda describes her family's struggle to survive after a meteor hits the moon, causing worldwide tsunamis, earthquakes, and volcanic eruptions. |
| 650 #1 - SUBJECT ADDED ENTRY--TOPICAL TERM |
| Topical term or geographic name entry element |
Natural disasters |
| Form subdivision |
Fiction. |
| 650 #1 - SUBJECT ADDED ENTRY--TOPICAL TERM |
| Topical term or geographic name entry element |
Family life |
| Form subdivision |
Fiction. |
| 650 #1 - SUBJECT ADDED ENTRY--TOPICAL TERM |
| Topical term or geographic name entry element |
Diaries |
| Form subdivision |
Fiction. |
| 650 #1 - SUBJECT ADDED ENTRY--TOPICAL TERM |
| Topical term or geographic name entry element |
Science fiction. |
| 650 #0 - SUBJECT ADDED ENTRY--TOPICAL TERM |
| Topical term or geographic name entry element |
Natural disasters |
| Form subdivision |
Juvenile fiction. |
| 650 #0 - SUBJECT ADDED ENTRY--TOPICAL TERM |
| Topical term or geographic name entry element |
Families |
| Form subdivision |
Juvenile fiction. |
| 650 #0 - SUBJECT ADDED ENTRY--TOPICAL TERM |
| Topical term or geographic name entry element |
Diaries |
| Form subdivision |
Juvenile fiction. |
| 650 #0 - SUBJECT ADDED ENTRY--TOPICAL TERM |
| Topical term or geographic name entry element |
Science fiction. |
| 650 #7 - SUBJECT ADDED ENTRY--TOPICAL TERM |
| Topical term or geographic name entry element |
Natural disasters |
| Form subdivision |
Fiction. |
| Source of heading or term |
sears. |
| 650 #7 - SUBJECT ADDED ENTRY--TOPICAL TERM |
| Topical term or geographic name entry element |
Family life |
| Form subdivision |
Fiction. |
| Source of heading or term |
sears. |
| 650 #7 - SUBJECT ADDED ENTRY--TOPICAL TERM |
| Topical term or geographic name entry element |
Diaries |
| Form subdivision |
Fiction. |
| Source of heading or term |
sears. |
| 650 #7 - SUBJECT ADDED ENTRY--TOPICAL TERM |
| Topical term or geographic name entry element |
Science fiction. |
| Source of heading or term |
sears. |
| 942 ## - ADDED ENTRY ELEMENTS (KOHA) |
| Source of classification or shelving scheme |
|
| Koha item type |
Books - Fiction |